000 01192cam a2200373 4500
008 090401t1996 xxu||||| |||| 00| 0 eng d
020 _a0419222405
035 _a(Sirsi) u73416
041 _aeng
050 _a658.99
110 _aCIB Working Commission 65
_93219
245 4 _aThe organization and management of construction: shaping theory and practice. Volume two. Managing the construction project and managing risk.
260 _aLondon
_bE & F N Spon
_c1996
300 _axviii,910p. ; 24cm.
350 _a90
520 _aProceedings of the CIB Working Commission 65 held in Glasgow 1996.
650 _aCIB W65
650 _aCONSTRUCTION INDUSTRY
650 _aCONSTRUCTION PROJECTS
650 _aHUMAN RESOURCES
650 _aINTERNATIONAL PROJECTS
650 _aORGANISATION AND MANAGEMENT OF CONSTRUCTION
650 _aPARTNERING
650 _aProcurement-old
650 _aPRODUCTIVITY
650 _aMANAGEMENT-PROJECT MANAGEMENT
650 _aPROJECT PLANNING
650 _aRISK MANAGEMENT
650 _aVALUE MANAGEMENT
690 _aBUILT ENVIRONMENT
700 _aLangford, D.A. & Retik, A.,
_xEditor
942 _n0
948 _c04/03/1997
999 _c95591
_d95591